[Event "Sao Paulo Sampa op"]
[Site "Sao Paulo"]
[Date "2024.01.29"]
[Round "1"]
[White "Martins de Aguiar, Marina"]
[Black "Cunha, Lucas Aguiar"]
[Result "0-1"]
[WhiteElo "1862"]
[BlackElo "2239"]
[PlyCount "96"]
[EventDate "2024.01.29"]
[EventType "swiss"]
[EventRounds "9"]
[EventCountry "BRA"]
[SourceTitle "CB06_2024"]
[SourceDate "2024.02.07"]
[SourceVersion "1"]
[SourceVersionDate "2024.02.07"]
[SourceQuality "1"]

1. e4 c5 2. Nf3 Nc6 3. d4 cxd4 4. Nxd4 e6 5. Nc3 Qc7 6. Be2 a6 7. 0-0 Nf6 8. Kh1 Bb4 9. f3 0-0 10. Nxc6 bxc6 11. Bd2 Rb8 12. Rb1 d5 13. Bd3 d4 14. Ne2 Bxd2 15. Qxd2 c5 16. b3 e5 17. Qg5 h6 18. Qh4 Be6 19. f4 c4 20. bxc4 Rxb1 21. Rxb1 Bxc4 22. fxe5 Bxd3 23. cxd3 Qxe5 24. h3 Rc8 25. Qe1 Rc2 26. a4 Nh5 27. Kg1 g6 28. Qf2 Ra2 29. Qxd4 Qxd4+ 30. Nxd4 Nf4 31. a5 Rxg2+ 32. Kf1 Ra2 33. Nc6 Nxd3 34. Rb6 Nc5 35. e5 Rh2 36. Nb8 Rxh3 37. Nxa6 Nxa6 38. Rxa6 Re3 39. Ra8+ Kg7 40. Re8 Ra3 41. Ra8 g5 42. Ra6 Ra2 43. Ra7 Kg6 44. a6 h5 45. Ra8 Kf5 46. a7 Kg4 47. Ke1 h4 48. Kf1 h3 0-1

[Event "Niteroi op 3rd"]
[Site "Niteroi"]
[Date "2023.09.09"]
[Round "8"]
[White "Bezerra, Natacio Goncalves"]
[Black "Martins de Aguiar, Marina"]
[Result "1/2-1/2"]
[WhiteElo "1991"]
[BlackElo "1858"]
[PlyCount "99"]
[EventDate "2023.09.04"]
[EventType "swiss"]
[EventRounds "9"]
[EventCountry "BRA"]
[SourceTitle "EXT 2024"]
[Source "ChessBase"]
[SourceDate "2023.10.10"]
[SourceVersion "1"]
[SourceVersionDate "2023.10.10"]
[SourceQuality "1"]

1. e4 c5 2. Nf3 e6 3. g3 Nc6 4. Bg2 Nf6 5. Qe2 Be7 6. e5 Nd5 7. 0-0 0-0 8. Rd1 d6 9. exd6 Bxd6 10. d4 cxd4 11. Nxd4 Nxd4 12. Rxd4 Qc7 13. c4 Nf6 14. Nc3 Bd7 15. Bg5 Be5 16. Rdd1 h6 17. Be3 Bxc3 18. bxc3 Rfe8 19. Rab1 Bc6 20. Bf3 b6 21. Re1 e5 22. Bxc6 Qxc6 23. Rb5 Rac8 24. Rb4 Rcd8 25. Rd1 Qc7 26. Rdb1 Qc6 27. Rb5 Nd7 28. Rd5 Nf6 29. Rdb5 Qe4 30. R1b4 Qd3 31. Qxd3 Rxd3 32. Ra4 Rd7 33. c5 bxc5 34. Rxc5 Nd5 35. Rca5 Nxe3 36. fxe3 Ree7 37. Kf2 e4 38. Rd4 Rc7 39. c4 Rb7 40. Rd2 Re6 41. c5 Rc6 42. Rc2 h5 43. Ke2 Kh7 44. Ra4 f5 45. Rd4 Rcc7 46. Rd5 g6 47. Kd2 Kh6 48. Rc4 Kg5 49. Kc3 Kg4 50. Kd4 1/2-1/2

[Event "Niteroi op 3rd"]
[Site "Niteroi"]
[Date "2023.09.08"]
[Round "7"]
[White "Martins de Aguiar, Marina"]
[Black "Araujo, Barbara Ribeiro"]
[Result "1-0"]
[WhiteElo "1858"]
[BlackElo "1562"]
[PlyCount "81"]
[EventDate "2023.09.04"]
[EventType "swiss"]
[EventRounds "9"]
[EventCountry "BRA"]
[SourceTitle "EXT 2024"]
[Source "ChessBase"]
[SourceDate "2023.10.10"]
[SourceVersion "1"]
[SourceVersionDate "2023.10.10"]
[SourceQuality "1"]

1. e4 c5 2. Nf3 g6 3. d4 cxd4 4. Nxd4 Nc6 5. Nc3 Bg7 6. Be3 Nf6 7. Bc4 0-0 8. Bb3 d6 9. f3 Na5 10. Qd2 Nxb3 11. axb3 a5 12. 0-0-0 Bd7 13. Bh6 a4 14. bxa4 Bxa4 15. Bxg7 Kxg7 16. Nxa4 Rxa4 17. Nb3 Qb6 18. Qc3 Rfa8 19. Rhf1 Qa6 20. g4 Qe2 21. Nd2 Kg8 22. h4 Ra1+ 23. Nb1 R1a5 24. Rde1 Qh2 25. Rh1 Qf4+ 26. Qe3 Qxe3+ 27. Rxe3 h5 28. g5 Nd7 29. f4 Rc8 30. Rh2 Rac5 31. Nc3 Nb6 32. Rd3 Kf8 33. Rf2 R8c7 34. f5 Kg7 35. f6+ Kf8 36. fxe7+ Kxe7 37. Rf6 Rd7 38. Rd4 Re5 39. Rb4 Nc8 40. Nd5+ Kf8 41. Rc4 1-0

[Event "Niteroi op 3rd"]
[Site "Niteroi"]
[Date "2023.09.05"]
[Round "2"]
[White "Marra, Eduardo da Costa"]
[Black "Martins de Aguiar, Marina"]
[Result "1-0"]
[WhiteElo "2174"]
[BlackElo "1858"]
[PlyCount "95"]
[EventDate "2023.09.04"]
[EventType "swiss"]
[EventRounds "9"]
[EventCountry "BRA"]
[SourceTitle "EXT 2024"]
[Source "ChessBase"]
[SourceDate "2023.10.10"]
[SourceVersion "1"]
[SourceVersionDate "2023.10.10"]
[SourceQuality "1"]

1. e4 c5 2. Nf3 e6 3. d4 cxd4 4. Nxd4 Nf6 5. Nc3 Nc6 6. a3 Be7 7. Be3 0-0 8. Be2 d5 9. exd5 exd5 10. 0-0 a6 11. h3 Qc7 12. Qd2 Rd8 13. Rfd1 Ne4 14. Qe1 Nxc3 15. Qxc3 Bf6 16. Qb3 Na5 17. Qb4 Nc4 18. Qc3 Be5 19. Bxc4 dxc4 20. Nb5 Bh2+ 21. Kh1 Rxd1+ 22. Rxd1 axb5 23. f4 Bg3 24. Qe5 Bg4 25. Qxc7 Bxd1 26. Qxb7 Rd8 27. Qe7 Rf8 28. Qg5 Be1 29. Bd4 f6 30. Qd5+ Kh8 31. Bc5 Re8 32. Qxd1 Bg3 33. Be3 h6 34. Qf3 Be1 35. Kh2 c3 36. bxc3 Bxc3 37. Bc5 Bd2 38. g3 Rc8 39. Qd5 Bc1 40. Kg2 Re8 41. Kf3 Rc8 42. Kg4 Bb2 43. Kh5 Re8 44. Kg6 Rg8 45. f5 Be5 46. g4 Rc8 47. Qd7 Rg8 48. Bf8 1-0

[Event "Caxambu op"]
[Site "Caxambu"]
[Date "2023.07.22"]
[Round "4"]
[White "Martins de Aguiar, Marina"]
[Black "Labussiere, Yago"]
[Result "0-1"]
[WhiteElo "1879"]
[BlackElo "2224"]
[PlyCount "152"]
[EventDate "2023.07.20"]
[EventType "swiss"]
[EventRounds "7"]
[EventCountry "BRA"]
[SourceTitle "CBM 215 Extra"]
[Source "ChessBase"]
[SourceDate "2023.09.30"]
[SourceVersion "1"]
[SourceVersionDate "2023.09.30"]
[SourceQuality "1"]

1. e4 c5 2. Nf3 d6 3. d4 cxd4 4. Nxd4 Nf6 5. Nc3 Nc6 6. f3 e5 7. Nb3 Be7 8. Be3 0-0 9. Qd2 Be6 10. 0-0-0 a5 11. Bb5 Qb8 12. Qf2 a4 13. Bxa4 Rc8 14. g4 Nb4 15. Kb1 b5 16. Bxb5 Rxc3 17. bxc3 Nxa2 18. c4 Nc3+ 19. Kb2 Nxd1+ 20. Rxd1 Qb7 21. Qg1 Nd7 22. Ra1 Rxa1 23. Qxa1 Nb6 24. Bxb6 Qxb6 25. Qe1 g6 26. h4 Kg7 27. g5 h6 28. gxh6+ Kxh6 29. Qd2+ Kh5 30. f4 exf4 31. Qxf4 Bxh4 32. Be8 Qd8 33. Qf3+ Kh6 34. Qh1 Kg7 35. Bb5 Bf6+ 36. Kb1 Qb6 37. Qe1 Be5 38. c3 Qc7 39. Qe2 Bxc3 40. Qd3 Be5 41. Nd4 Bg4 42. Nc6 Bf6 43. Qg3 Bd7 44. Nb4 Bxb5 45. cxb5 Qc5 46. Nd5 Qxb5+ 47. Kc1 Qb2+ 48. Kd1 Qd4+ 49. Kc1 Qc4+ 50. Kd1 Qd4+ 51. Kc1 Qa1+ 52. Kc2 Qa2+ 53. Kd1 Qb1+ 54. Kd2 Qxe4 55. Qxd6 Qe5 56. Qc6 Qd4+ 57. Ke2 Qe4+ 58. Kd2 Qg2+ 59. Kd3 Qf3+ 60. Kc4 Qe4+ 61. Kb5 Qb1+ 62. Ka6 Qa1+ 63. Kb7 Be5 64. Qc4 Qb2+ 65. Kc6 Qb8 66. Qe4 f5 67. Qd3 Qd6+ 68. Kb5 Qd7+ 69. Kc4 Qc6+ 70. Kb3 Qc5 71. Ka2 Qa7+ 72. Kb3 Qc5 73. Nb4 Bd6 74. Nc2 Kf6 75. Qe2 Qd5+ 76. Kb2 Qe5+ 0-1

[Event "Pindamonhangaba op 7th"]
[Site "Pindamonhangaba"]
[Date "2023.03.26"]
[Round "4"]
[White "Souza, Iago Henrique Da Si"]
[Black "Martins de Aguiar, Marina"]
[Result "1-0"]
[WhiteElo "2073"]
[BlackElo "1919"]
[PlyCount "100"]
[EventDate "2023.03.24"]
[EventType "swiss"]
[EventRounds "5"]
[EventCountry "BRA"]
[SourceTitle "CBM 213 Extra"]
[Source "ChessBase"]
[SourceDate "2023.05.31"]
[SourceVersion "1"]
[SourceVersionDate "2023.05.31"]
[SourceQuality "1"]

1. d4 Nf6 2. c4 g6 3. Nc3 Bg7 4. e4 0-0 5. h3 d6 6. Nf3 e5 7. d5 a5 8. Be3 Na6 9. Bd3 Nh5 10. Qd2 f5 11. Bg5 Qe8 12. 0-0-0 Nc5 13. exf5 Nxd3+ 14. Qxd3 Bxf5 15. Qd2 Nf4 16. Bxf4 exf4 17. Rhe1 Qd7 18. Nd4 Rae8 19. Ncb5 Rxe1 20. Rxe1 Be5 21. Nxf5 Qxf5 22. f3 a4 23. Re4 Rc8 24. Qb4 Qg5 25. Re2 Qf6 26. Na7 Rb8 27. Nc6 Re8 28. Qxb7 a3 29. Nxe5 dxe5 30. Qxc7 axb2+ 31. Rxb2 e4 32. Rb7 Qa1+ 33. Kc2 Qxa2+ 34. Kc3 Qa3+ 35. Kc2 Qa2+ 36. Kc3 Qa3+ 37. Rb3 Qc1+ 38. Kb4 e3 39. Kc5 e2 40. Rb7 Qe3+ 41. Kc6 Re6+ 42. dxe6 Qxe6+ 43. Kb5 Qf5+ 44. Ka6 Qf6+ 45. Ka7 e1Q 46. Rb8+ Qf8 47. Rxf8+ Kxf8 48. Qxf4+ Kg8 49. Qb8+ Kg7 50. Qb7+ Kg8 1-0

[Event "Pindamonhangaba op 7th"]
[Site "Pindamonhangaba"]
[Date "2023.03.25"]
[Round "3"]
[White "Martins de Aguiar, Marina"]
[Black "Nagoya, Felipe Hideyoshi F"]
[Result "1-0"]
[WhiteElo "1919"]
[BlackElo "1800"]
[PlyCount "111"]
[EventDate "2023.03.24"]
[EventType "swiss"]
[EventRounds "5"]
[EventCountry "BRA"]
[SourceTitle "CBM 213 Extra"]
[Source "ChessBase"]
[SourceDate "2023.05.31"]
[SourceVersion "1"]
[SourceVersionDate "2023.05.31"]
[SourceQuality "1"]

1. e4 e5 2. d4 exd4 3. Qxd4 Nc6 4. Qe3 Nf6 5. Nc3 Bb4 6. Bd2 0-0 7. 0-0-0 Re8 8. Qg3 d6 9. f3 Be6 10. Kb1 Ne5 11. h4 Kh8 12. h5 h6 13. Qh4 d5 14. a3 Be7 15. exd5 Nxd5 16. Qe1 Nc6 17. Nge2 Bf6 18. Ne4 Qe7 19. Nxf6 Qxf6 20. Qf2 Rad8 21. g3 Rd7 22. Bg2 Red8 23. Kc1 Nb6 24. Nf4 Bf5 25. Bc3 Qg5 26. Rxd7 Rxd7 27. Re1 Rd8 28. Bd2 Qf6 29. Bc3 Qg5 30. Kb1 Bd7 31. Bd2 Qf5 32. Bh3 Qb5 33. Bxd7 Nxd7 34. Bc3 Nb6 35. Qe2 Qxe2 36. Rxe2 Rd7 37. Re8+ Kh7 38. Kc1 Nc4 39. Nd3 Nd6 40. Re1 Nf5 41. g4 Nfd4 42. f4 Ne6 43. Re4 a6 44. Re1 Rd6 45. Rg1 Ncd4 46. Re1 Nc6 47. Re2 f6 48. Bd2 Ncd4 49. Re4 Kh8 50. f5 Ng5 51. Re7 Nb5 52. Bb4 Rd4 53. Nc5 Rxg4 54. Nd7 Nd6 55. Bxd6 cxd6 56. Re8+ 1-0

[Event "Pindamonhangaba op 7th"]
[Site "Pindamonhangaba"]
[Date "2023.03.25"]
[Round "2"]
[White "Zampronha, Wladimir Camilo"]
[Black "Martins de Aguiar, Marina"]
[Result "1-0"]
[WhiteElo "2163"]
[BlackElo "1919"]
[PlyCount "91"]
[EventDate "2023.03.24"]
[EventType "swiss"]
[EventRounds "5"]
[EventCountry "BRA"]
[SourceTitle "CBM 213 Extra"]
[Source "ChessBase"]
[SourceDate "2023.05.31"]
[SourceVersion "1"]
[SourceVersionDate "2023.05.31"]
[SourceQuality "1"]

1. e4 c5 2. Nf3 e6 3. d4 cxd4 4. Nxd4 Nf6 5. Nc3 Nc6 6. Nxc6 bxc6 7. e5 Nd5 8. Ne4 Qc7 9. f4 Qb6 10. c4 Bb4+ 11. Ke2 f5 12. Nf2 Nc7 13. Nd3 Be7 14. Be3 c5 15. Kf2 Bb7 16. b4 Na6 17. b5 Nb8 18. a4 Be4 19. Be2 Qc7 20. Bf3 d5 21. exd6 Bxd6 22. Qe2 Nd7 23. Rhd1 Nf6 24. Kg1 0-0 25. Qf2 Rac8 26. Be2 Ng4 27. Qg3 Nxe3 28. Qxe3 Kh8 29. g3 Be7 30. Ne5 Bf6 31. Rd7 Qa5 32. Qd2 Qxd2 33. Rxd2 Bxe5 34. fxe5 f4 35. gxf4 Rxf4 36. Rf1 Rh4 37. Rd6 Rh6 38. Rf7 Rg6+ 39. Kf2 Rg2+ 40. Ke3 Bf5 41. a5 Rxh2 42. b6 Rh3+ 43. Bf3 axb6 44. axb6 g5 45. b7 Rb8 46. Rc6 1-0

[Event "Pocos de Caldas op"]
[Site "Pocos de Caldas"]
[Date "2023.03.17"]
[Round "2"]
[White "Martins de Aguiar, Marina"]
[Black "Godinho, Bruno Cesar Ferreir"]
[Result "0-1"]
[WhiteElo "1919"]
[BlackElo "1803"]
[PlyCount "94"]
[EventDate "2023.03.17"]
[EventType "swiss"]
[EventRounds "6"]
[EventCountry "BRA"]
[SourceTitle "EXT 2024"]
[Source "ChessBase"]
[SourceDate "2023.10.10"]
[SourceVersion "1"]
[SourceVersionDate "2023.10.10"]
[SourceQuality "1"]

1. e4 c5 2. Nf3 e6 3. d4 cxd4 4. Nxd4 Nf6 5. Nc3 Nc6 6. a3 Qb6 7. Nb3 a6 8. Be3 Qc7 9. Be2 Be7 10. 0-0 0-0 11. f4 d6 12. Kh1 b5 13. Bf3 Bb7 14. Qe1 b4 15. axb4 Nxb4 16. Qf2 d5 17. e5 Ne4 18. Bxe4 dxe4 19. Rae1 Bd5 20. Bb6 Qc8 21. Be3 Bxb3 22. cxb3 Nd3 23. Qg3 Nxe1 24. f5 exf5 25. Bh6 g6 26. Bxf8 Bxf8 27. Rxe1 Qe6 28. Rd1 Qxb3 29. h4 Rc8 30. Rd2 Bb4 31. Qg5 Qe6 32. h5 Qxe5 33. h6 Be7 34. Qe3 Bd6 35. Qh3 Qg3 36. Qxg3 Bxg3 37. Rd1 Bf4 38. Nd5 Rc1 39. Rxc1 Bxc1 40. Nf6+ Kh8 41. b3 Bxh6 42. Nd7 Bd2 43. Kg1 Kg7 44. Kf2 h5 45. Nc5 a5 46. Ke2 Bb4 47. Nd7 g5 0-1

[Event "Florianopolis op 9th"]
[Site "Florianopolis"]
[Date "2023.01.28"]
[Round "9"]
[White "Luz, Christian Oliveira"]
[Black "Martins de Aguiar, Marina"]
[Result "0-1"]
[WhiteElo "1594"]
[BlackElo "1873"]
[PlyCount "98"]
[EventDate "2023.01.23"]
[EventType "swiss"]
[EventRounds "10"]
[EventCountry "BRA"]
[SourceTitle "CBM 212 Extra"]
[Source "ChessBase"]
[SourceDate "2023.03.31"]
[SourceVersion "1"]
[SourceVersionDate "2023.03.31"]
[SourceQuality "1"]

1. d4 Nf6 2. c4 g6 3. Nc3 Bg7 4. Bg5 d6 5. e3 Nbd7 6. Nf3 0-0 7. Be2 e5 8. Qc2 Re8 9. Nd2 Nf8 10. d5 a5 11. 0-0 N8d7 12. a3 b6 13. b4 Bb7 14. e4 h6 15. Be3 Nh7 16. Bd3 Rf8 17. Kh1 Nhf6 18. f3 Nh5 19. g3 Qc8 20. Rac1 axb4 21. axb4 Ndf6 22. Rb1 Qh3 23. Rg1 Nh7 24. Bf2 Ng5 25. Qd1 Qd7 26. Rf1 Ra3 27. Rb3 Rfa8 28. Rxa3 Rxa3 29. Ndb1 Ra1 30. Nb5 Ra8 31. N5c3 Nh3 32. Be3 Ng5 33. Bf2 Bf6 34. Be3 Qh3 35. Rg1 Qd7 36. Rf1 Ra1 37. Nb5 Ra2 38. Nd2 Bc8 39. Nc3 Ra3 40. Ndb1 Ra1 41. Nb5 Ra2 42. Nd2 Kg7 43. Rg1 Nh3 44. Rf1 Bg5 45. Bxg5 hxg5 46. Nc3 Ra8 47. Qe2 Bb7 48. b5 Rh8 49. Bc2 Nxg3+ 0-1

[Event "Florianopolis op 9th"]
[Site "Florianopolis"]
[Date "2023.01.26"]
[Round "5"]
[White "Araujo Filho, Luiz Antonio"]
[Black "Martins de Aguiar, Marina"]
[Result "1-0"]
[WhiteElo "2089"]
[BlackElo "1873"]
[PlyCount "87"]
[EventDate "2023.01.23"]
[EventType "swiss"]
[EventRounds "10"]
[EventCountry "BRA"]
[SourceTitle "CBM 212 Extra"]
[Source "ChessBase"]
[SourceDate "2023.03.31"]
[SourceVersion "1"]
[SourceVersionDate "2023.03.31"]
[SourceQuality "1"]

1. d4 Nf6 2. Nf3 g6 3. c4 Bg7 4. Nc3 0-0 5. e4 d6 6. Be2 Nbd7 7. 0-0 e5 8. dxe5 dxe5 9. Qc2 c6 10. Rd1 Qc7 11. Rb1 Re8 12. b4 Nf8 13. h3 Ne6 14. Be3 Nh5 15. b5 Nhf4 16. Bf1 c5 17. Nd5 Nxd5 18. cxd5 Nd4 19. Nxd4 exd4 20. Bxd4 Bxd4 21. Rxd4 Qd6 22. Rc4 b6 23. Bd3 Qe5 24. Qd2 g5 25. Qc3 Qf4 26. Re1 Qd6 27. e5 Qd7 28. Rg4 h6 29. Bc4 Qe7 30. Rg3 Bf5 31. d6 Qd8 32. f4 Be6 33. fxg5 hxg5 34. Bxe6 Rxe6 35. Qe3 Rg6 36. Rf1 a6 37. Qf3 Qf8 38. bxa6 Rxa6 39. e6 Ra7 40. e7 Qe8 41. Qd5 Rd7 42. Rxg5 Rxg5 43. Qxg5+ Kh7 44. Rf6 1-0

[Event "Florianopolis op 9th"]
[Site "Florianopolis"]
[Date "2023.01.24"]
[Round "3"]
[White "Ludtke, Ezequiel Rodrigues"]
[Black "Martins de Aguiar, Marina"]
[Result "0-1"]
[WhiteElo "1538"]
[BlackElo "1873"]
[PlyCount "68"]
[EventDate "2023.01.23"]
[EventType "swiss"]
[EventRounds "10"]
[EventCountry "BRA"]
[SourceTitle "CBM 212 Extra"]
[Source "ChessBase"]
[SourceDate "2023.03.31"]
[SourceVersion "1"]
[SourceVersionDate "2023.03.31"]
[SourceQuality "1"]

1. e4 c5 2. Qe2 e6 3. g3 Nf6 4. Nf3 Be7 5. Bg2 0-0 6. d3 d5 7. Nbd2 Nc6 8. c3 b5 9. 0-0 Bb7 10. h3 Qc7 11. Nh2 b4 12. f4 a5 13. e5 Nd7 14. Qh5 bxc3 15. bxc3 d4 16. Bb2 dxc3 17. Bxc3 Nb4 18. Bxb4 cxb4 19. Bxb7 Qxb7 20. Ne4 Nc5 21. Qf3 Rfd8 22. Rad1 Qd5 23. Qe2 Rac8 24. Ng4 Nxe4 25. dxe4 Qc4 26. Rxd8+ Bxd8 27. Re1 h5 28. Nf2 Qc3 29. Kg2 h4 30. gxh4 Bxh4 31. Qe3 Qxe3 32. Rxe3 Rc2 33. Rf3 Rxa2 34. Kf1 Rxf2+ 0-1

[Event "Florianopolis op 9th"]
[Site "Florianopolis"]
[Date "2023.01.23"]
[Round "1"]
[White "Jurado, Laura Alves"]
[Black "Martins de Aguiar, Marina"]
[Result "0-1"]
[WhiteElo "1186"]
[BlackElo "1873"]
[PlyCount "52"]
[EventDate "2023.01.23"]
[EventType "swiss"]
[EventRounds "10"]
[EventCountry "BRA"]
[SourceTitle "CBM 212 Extra"]
[Source "ChessBase"]
[SourceDate "2023.03.31"]
[SourceVersion "1"]
[SourceVersionDate "2023.03.31"]
[SourceQuality "1"]

1. d4 Nf6 2. Bf4 g6 3. Nc3 d5 4. Nf3 Bg7 5. Qd2 0-0 6. 0-0-0 Re8 7. Ne5 c6 8. f3 b5 9. Bh6 Bh8 10. h4 b4 11. Nb1 Qa5 12. h5 Nfd7 13. hxg6 fxg6 14. Ng4 Qxa2 15. Qf4 b3 16. Bg5 Bg7 17. c3 Rf8 18. Qe3 Nf6 19. Nh6+ Bxh6 20. Bxh6 Bf5 21. Qxe7 Qxb1+ 22. Kd2 Qxb2+ 23. Ke1 Qxc3+ 24. Kf2 Nbd7 25. Rc1 Qxd4+ 26. Be3 Qa4 0-1

[Event "Wch Blitz (Women)"]
[Site "Almaty"]
[Date "2022.12.30"]
[Round "10"]
[White "Martins de Aguiar, Marina"]
[Black "Assylkhan, Asiya"]
[Result "0-1"]
[WhiteElo "1779"]
[BlackElo "1372"]
[PlyCount "100"]
[EventDate "2022.12.29"]
[EventType "swiss (blitz)"]
[EventRounds "17"]
[EventCountry "KAZ"]
[SourceTitle "CBM 211 Extra"]
[Source "ChessBase"]
[SourceDate "2023.01.31"]
[SourceVersion "1"]
[SourceVersionDate "2023.01.31"]
[SourceQuality "1"]

1. e4 c6 2. d3 d5 3. Nd2 Nf6 4. Ngf3 Bg4 5. g3 e6 6. Bg2 Nbd7 7. 0-0 h6 8. Qe2 Be7 9. e5 Nh7 10. d4 0-0 11. Re1 c5 12. c3 Rc8 13. Qb5 Qc7 14. Nf1 c4 15. Qa4 a6 16. Qc2 Bf5 17. Qd1 b5 18. Ne3 Bg6 19. h4 Rfe8 20. Ng4 Bh5 21. Ne3 b4 22. Qc2 Bg6 23. Qd1 Qa5 24. Bd2 Rb8 25. cxb4 Bxb4 26. Bxb4 Qxb4 27. Re2 Bd3 28. Rd2 Nb6 29. Ne1 Bg6 30. Bf3 Nf8 31. a3 Qe7 32. N3c2 Na4 33. Nb4 Qd7 34. b3 cxb3 35. Rc1 a5 36. Nbd3 b2 37. Nxb2 Nxb2 38. Qe2 Nc4 39. Rdd1 Rb2 40. Qf1 Qe7 41. Nd3 Bxd3 42. Qxd3 Qxa3 43. Qf1 Qxf3 44. Rd3 Qf5 45. Rcd1 a4 46. Qg2 a3 47. Rf3 Qc2 48. Rf1 a2 49. Qh3 Rb1 50. Qg4 a1Q 0-1

[Event "Wch Blitz (Women)"]
[Site "Almaty"]
[Date "2022.12.30"]
[Round "13"]
[White "Mikhaylova, Irina"]
[Black "Martins de Aguiar, Marina"]
[Result "1-0"]
[WhiteElo "2039"]
[BlackElo "1779"]
[PlyCount "91"]
[EventDate "2022.12.29"]
[EventType "swiss (blitz)"]
[EventRounds "17"]
[EventCountry "KAZ"]
[SourceTitle "CBM 211 Extra"]
[Source "ChessBase"]
[SourceDate "2023.01.31"]
[SourceVersion "1"]
[SourceVersionDate "2023.01.31"]
[SourceQuality "1"]

1. Nf3 Nf6 2. c4 g6 3. Nc3 Bg7 4. e4 d6 5. d4 0-0 6. Be2 e5 7. dxe5 dxe5 8. Qxd8 Rxd8 9. Bg5 Re8 10. Nd5 Nxd5 11. cxd5 c6 12. Bc4 cxd5 13. Bxd5 Nc6 14. 0-0-0 Nb4 15. Bb3 Bg4 16. Kb1 a5 17. h3 Bxf3 18. gxf3 a4 19. Bc4 Nc6 20. Rd7 Rf8 21. Rxb7 Nd4 22. Rc1 Nxf3 23. Be3 Rad8 24. Bd5 Rc8 25. Rxc8 Rxc8 26. Rxf7 Rf8 27. Rxf3+ Kh8 28. Rxf8+ Bxf8 29. a3 Bd6 30. Bc6 Kg7 31. Bxa4 Kf6 32. Bd1 g5 33. a4 h6 34. a5 Bb8 35. a6 Ke6 36. a7 Bxa7 37. Bxa7 Kd6 38. Be3 Kc6 39. Ba4+ Kd6 40. b4 Kc7 41. b5 Kb7 42. b6 Ka6 43. Bb3 Kb7 44. Bd5+ Kb8 45. b7 Kc7 46. Bc5 1-0

[Event "Wch Blitz (Women)"]
[Site "Almaty"]
[Date "2022.12.29"]
[Round "3"]
[White "Kairbekova, Amina"]
[Black "Martins de Aguiar, Marina"]
[Result "1-0"]
[WhiteElo "2064"]
[BlackElo "1779"]
[PlyCount "100"]
[EventDate "2022.12.29"]
[EventType "swiss (blitz)"]
[EventRounds "17"]
[EventCountry "KAZ"]
[SourceTitle "CBM 211 Extra"]
[Source "ChessBase"]
[SourceDate "2023.01.31"]
[SourceVersion "1"]
[SourceVersionDate "2023.01.31"]
[SourceQuality "1"]

1. e4 c5 2. Nf3 e6 3. d4 cxd4 4. Nxd4 Nf6 5. Nc3 Nc6 6. Be2 Bb4 7. 0-0 0-0 8. Nxc6 bxc6 9. e5 Bxc3 10. bxc3 Nd5 11. Qd3 a5 12. Qh3 Qc7 13. f4 f6 14. Bd3 f5 15. g4 Ba6 16. c4 Nb4 17. Ba3 Qb6+ 18. Rf2 Nxd3 19. cxd3 Rf7 20. gxf5 Rxf5 21. c5 Qd8 22. Qg3 Qf8 23. Kh1 Rb8 24. Rg1 Rf7 25. d4 Bc4 26. h4 Bd5+ 27. Kh2 Rf5 28. Bc1 Rb4 29. Qe3 Qe7 30. Rg5 h6 31. Rg4 Rh5 32. Kg3 a4 33. Ba3 Rb1 34. Bc1 Bxa2 35. Rxa2 Rb3 36. Rxa4 Rxe3+ 37. Bxe3 Kh7 38. Ra8 Rf5 39. Kh3 Rf8 40. Ra1 Rb8 41. Rag1 Rg8 42. h5 Qf7 43. Kh4 Qf5 44. Bf2 Qc2 45. Bg3 Qd3 46. Bf2 Qf3 47. Bg3 Qe2 48. Kh3 Qe3 49. f5 exf5 50. Rg6 f4 1-0

[Event "Wch Blitz (Women)"]
[Site "Almaty"]
[Date "2022.12.29"]
[Round "4"]
[White "Martins de Aguiar, Marina"]
[Black "Druzhinina, Olga"]
[Result "1-0"]
[WhiteElo "1779"]
[BlackElo "2014"]
[PlyCount "115"]
[EventDate "2022.12.29"]
[EventType "swiss (blitz)"]
[EventRounds "17"]
[EventCountry "KAZ"]
[SourceTitle "CBM 211 Extra"]
[Source "ChessBase"]
[SourceDate "2023.01.31"]
[SourceVersion "1"]
[SourceVersionDate "2023.01.31"]
[SourceQuality "1"]

1. e4 c5 2. d4 cxd4 3. c3 dxc3 4. Nxc3 Nc6 5. Nf3 e6 6. Bc4 a6 7. Bf4 d6 8. 0-0 Nf6 9. Qe2 Be7 10. Rfd1 b5 11. Bb3 0-0 12. h3 Ra7 13. Rac1 Qb6 14. Bxd6 Na5 15. Bxe7 Rxe7 16. Bc2 Bb7 17. Ne5 Rd8 18. Rxd8+ Qxd8 19. Rd1 Qc7 20. Nf3 Nc4 21. Bb3 Na5 22. Bc2 h6 23. Bb1 Rd7 24. Nd4 Qe5 25. Nf3 Qc7 26. Nd4 Qd8 27. Nf3 Rxd1+ 28. Nxd1 Nxe4 29. Ne3 Nf6 30. Qc2 Be4 31. Qc1 Bxb1 32. Qxb1 Nc4 33. Qc2 Nxe3 34. fxe3 Qb6 35. Nd4 e5 36. Nf5 e4 37. Ne7+ Kh7 38. Nf5 Qe6 39. Qf2 g6 40. Ng3 Kg7 41. Kh2 h5 42. Kg1 Qxa2 43. Qd2 Qb1+ 44. Kh2 Qd3 45. Qf2 a5 46. Qf4 Qd5 47. Qc7 a4 48. Ne2 h4 49. Nf4 Qf5 50. Qc3 g5 51. Ne2 Kg6 52. Nd4 Qe5+ 53. Kg1 Nd5 54. Qc6+ f6 55. Qc8 Qe7 56. Qg8+ Kh6 57. Qxd5 b4 58. Nf5+ 1-0

[Event "Wch Blitz (Women)"]
[Site "Almaty"]
[Date "2022.12.29"]
[Round "6"]
[White "Samaganova, Alexandra"]
[Black "Martins de Aguiar, Marina"]
[Result "1-0"]
[WhiteElo "1864"]
[BlackElo "1779"]
[PlyCount "101"]
[EventDate "2022.12.29"]
[EventType "swiss (blitz)"]
[EventRounds "17"]
[EventCountry "KAZ"]
[SourceTitle "CBM 211 Extra"]
[Source "ChessBase"]
[SourceDate "2023.01.31"]
[SourceVersion "1"]
[SourceVersionDate "2023.01.31"]
[SourceQuality "1"]

1. c4 g6 2. Nc3 Bg7 3. g3 e5 4. Bg2 f5 5. e3 Nf6 6. Nge2 0-0 7. b4 a5 8. b5 d6 9. 0-0 Nbd7 10. d4 Kh8 11. Qc2 Qe7 12. a4 Nb6 13. Nd1 Nbd7 14. Ba3 Rb8 15. c5 Ne8 16. Rc1 exd4 17. exd4 b6 18. cxd6 cxd6 19. Ne3 Bb7 20. Nd5 Qf7 21. Ndf4 Bxg2 22. Kxg2 Ndf6 23. Rfe1 Ne4 24. d5 Qd7 25. Ne6 Bh6 26. Nxf8 Bxf8 27. Nf4 Ng7 28. f3 Nc5 29. Bxc5 dxc5 30. Qd3 Bd6 31. Ne6 Nxe6 32. dxe6 Qe7 33. Rcd1 Rd8 34. Qc3+ Kg8 35. Rd2 Bc7 36. Rxd8+ Bxd8 37. Qd3 Qg5 38. h4 Qf6 39. Qd7 Qb2+ 40. Kh3 Qf6 41. Qe8+ Kg7 42. e7 f4 43. Qf8+ Qxf8 44. exf8Q+ Kxf8 45. gxf4 Kf7 46. Rd1 Bf6 47. Rd6 Bc3 48. Rxb6 Bd2 49. Kg3 h6 50. Rc6 Bb4 51. b6 1-0

[Event "Wch Blitz (Women)"]
[Site "Almaty"]
[Date "2022.12.29"]
[Round "1"]
[White "Voit, Daria"]
[Black "Martins de Aguiar, Marina"]
[Result "1-0"]
[WhiteElo "2260"]
[BlackElo "1779"]
[PlyCount "51"]
[EventDate "2022.12.29"]
[EventType "swiss (blitz)"]
[EventRounds "17"]
[EventCountry "KAZ"]
[SourceTitle "CBM 211 Extra"]
[Source "ChessBase"]
[SourceDate "2023.01.31"]
[SourceVersion "1"]
[SourceVersionDate "2023.01.31"]
[SourceQuality "1"]

1. d4 Nf6 2. c4 g6 3. g3 Bg7 4. Bg2 0-0 5. Nc3 d6 6. Nf3 Nbd7 7. 0-0 e5 8. e4 exd4 9. Nxd4 a5 10. h3 Nc5 11. Be3 Bd7 12. Qc2 Re8 13. Rfe1 Qc8 14. Kh2 Ne6 15. Nde2 Bc6 16. Nd5 Nd7 17. Rad1 Ndc5 18. b3 Na6 19. f4 Nec5 20. Bd4 Bxd5 21. exd5 Nb4 22. Qd2 Ncd3 23. Rf1 Rxe2 24. Qxe2 Bxd4 25. Be4 Nb2 26. Rxd4 1-0